中国人均玉米产量最多的省区 China provinces with largest corn yield per capita - Statistics

General Stats
  • This quiz has been taken 69 times
  • The average score is 8 of 10
Answer Stats
玉米产量 省区 % Correct
1149.98 黑龙江
98%
1239.43 吉林
97%
421.60 辽宁
97%
274.89 河北
94%
255.33 山东
89%
1141.36 内蒙古
82%
280.77 山西
82%
358.46 新疆
60%
246.62 甘肃
60%
345.49 宁夏
45%
No matching quizzes found
Score Distribution
Percent of People with Each Score
Percentile by Number Answered
Your Score History
You have not taken this quiz